000 00330nam a2200133Ia 4500
008 240624s9999 xx 000 0 und d
041 _aeng
082 _a658.49012 CAL
100 _aCALKINS T
245 _aDEFENDING YOUR BRAND HOW SMART COMPANIES
260 _c2012
_bPalgrave Macmillan
300 _a294 p.
365 _cERU
_b31
999 _c31366
_d31366